Ammonium, Nitrite, Nitrate, Phosphate, Chlorine determination
Guardat en:
| Format: | Llibre |
|---|---|
| Idioma: | Undetermined |
| Matèries: | |
| Etiquetes: |
Afegir etiqueta
Sense etiquetes, Sigues el primer a etiquetar aquest registre!
|
| Thư viện lưu trữ: | Trung tâm Học liệu Trường Đại học Cần Thơ |
|---|
| LEADER | 00432nam a2200121Ia 4500 | ||
|---|---|---|---|
| 001 | CTU_149408 | ||
| 008 | 210402s9999 xx 000 0 und d | ||
| 082 | |a 546.5 | ||
| 082 | |b A521 | ||
| 245 | 0 | |a Ammonium, Nitrite, Nitrate, Phosphate, Chlorine determination | |
| 650 | |a Physical inorganic chemistry,Tính chất vật lý chất vô cơ | ||
| 904 | |i Trọng Hiếu | ||
| 980 | |a Trung tâm Học liệu Trường Đại học Cần Thơ | ||